| 000 | 00793cab a2200205 4500 | ||
|---|---|---|---|
| 001 | ABS40389 | ||
| 008 | 090401t1989 xxu||||| |||| 00| 0 eng d | ||
| 035 | _a(Sirsi) u23482 | ||
| 041 | _aeng | ||
| 100 | _aGlennie, H. | ||
| 245 | _aCanary Wharf | ||
| 260 | _c1989 | ||
| 350 | _a0 | ||
| 490 |
_aCivil Engineering Surveyor _v14(1) February 1989, 4-5(2) |
||
| 520 | _aReports on the challenges to surveyors` skills posed by the day-to-day construction activities on Canary Wharf , the world`s largest commercial property development . Explains the survey requirements and setting-out procedure for the site. The computer system in use is the Star Net adjustment program. Diagrams. | ||
| 650 | _aLAND SURVEYING | ||
| 690 | _aPRACTICE AND TECHNIQUES | ||
| 942 | _n0 | ||
| 948 | _c04/03/1997 | ||
| 999 |
_c15693 _d15693 |
||